000 00540pab a2200181 454500
008 180718b1998 xxu||||| |||| 00| 0 eng d
100 _aPradhan, Menno
245 _aEnrolment and delayed enrolment of secondary school age children in Indonesia
260 _c1998
300 _ap.413-30
362 _aNov
650 _aEnrolment - Indonesia
650 _aEducation - Indonesia
650 _aSecondary education - Indonesia
650 _aSecondary education
773 _aOxford Bulletin of Economics and Statistics
909 _a39845
999 _c39845
_d39845